| 000 | 00620na a2200205 4500 | ||
|---|---|---|---|
| 001 | 16832 | ||
| 003 | MIRAKIL | ||
| 005 | 20181213154843.0 | ||
| 008 | 161014b tu 000 0 | ||
| 040 |
_aMilas _btur _cTR-AnCHP |
||
| 041 |
_atur _aeng |
||
| 082 |
_a750 _bB56b 2011 |
||
| 090 | _a750 B56b 2011 | ||
| 110 | _aBirleşmiş Ressamlar ve Heykeltraşlar Derneği | ||
| 245 |
_aBirleşmiş Ressamlar ve Heykeltraşlar Derneği _b41. yıl |
||
| 260 |
_aAnkara _bBirleşmiş Ressamlar ve HeykeltraşlarDerneği _c2011 |
||
| 300 |
_a207 s. _bres. _c30 sm. |
||
| 650 |
_aResim _xSergiler _zTürkiye |
||
| 942 |
_2ddc _cBKS |
||
| 999 |
_c2020 _d2020 |
||